Statistics for Countries that start with M

Click here to take the quiz!

General Stats

  • This quiz has been taken 85 times
  • The average score is 12 of 17

Answer Stats

HintAnswer% Correct
5Mali
84%
12Monaco
82%
4Maldives
80%
8Mauritania
80%
1Madagascar
79%
3Malaysia
79%
9Mauritius
77%
10Mexico
77%
17Myanmar
75%
16Mozambique
74%
6Malta
72%
2Malawi
69%
13Mongolia
64%
14Montenegro
62%
15Morroco
62%
11Moldova
61%
7Marshall Islands
57%

Score Distribution

Percentile by Number Answered

Percent of People with Each Score

Your Score History

You have not taken this quiz